[Event "MCR druzstev mladsich zaku 2019"]
[Site "Trest"]
[Date "2019.06.15"]
[Round "4.8"]
[White "Zelba, Lukas"]
[Black "Sip, Marek"]
[Result "0-1"]
[BlackElo "1479"]
[WhiteElo "1614"]
[LiveChessVersion "1.4.8"]

1. d4 {[%clk 0:25:18]} f5 {[%clk 0:25:15]} 2. Nf3 {[%clk 0:25:07]} Nf6
{[%clk 0:25:18]} 3. Bf4 {[%clk 0:25:10]} d6 {[%clk 0:25:18]} 4. e3
{[%clk 0:25:15]} Nbd7 {[%clk 0:25:15]} 5. d5 {[%clk 0:25:10]} g6 {[%clk 0:25:18]}
6. c4 {[%clk 0:25:17]} Bg7 {[%clk 0:25:24]} 7. Ng5 {[%clk 0:25:20]} Nc5
{[%clk 0:25:20]} 8. b4 {[%clk 0:25:20]} Nce4 {[%clk 0:25:28]} 9. Nf3
{[%clk 0:24:29]} Ng4 {[%clk 0:25:31]} 10. Nd4 {[%clk 0:24:30]} Ngxf2
{[%clk 0:25:25]} 11. Qc2 {[%clk 0:24:19]} Nxh1 {[%clk 0:25:05]} 12. Na3
{[%clk 0:24:27]} O-O {[%clk 0:24:13]} 13. Bd3 {[%clk 0:24:20]} Nhf2
{[%clk 0:24:06]} 14. Bxe4 {[%clk 0:24:22]} Nxe4 {[%clk 0:24:13]} 15. h3
{[%clk 0:24:13]} Bd7 {[%clk 0:23:18]} 16. O-O-O {[%clk 0:24:03]} Re8
{[%clk 0:20:18]} 17. g4 {[%clk 0:24:02]} Bxd4 {[%clk 0:18:21]} 18. exd4
{[%clk 0:24:05]} Nf6 {[%clk 0:17:03]} 19. Rg1 {[%clk 0:23:44]} fxg4
{[%clk 0:15:00]} 20. hxg4 {[%clk 0:23:53]} Bxg4 {[%clk 0:15:02]} 21. Bg5
{[%clk 0:23:46]} Bf5 {[%clk 0:14:42]} 22. Qd1 {[%clk 0:22:47]} Rf8
{[%clk 0:13:36]} 23. Qf1 {[%clk 0:22:26]} Bd7 {[%clk 0:12:58]} 24. Qe2
{[%clk 0:22:08]} Rf7 {[%clk 0:12:30]} 25. Nc2 {[%clk 0:22:12]} c6
{[%clk 0:10:58]} 26. dxc6 {[%clk 0:22:08]} bxc6 {[%clk 0:10:43]} 27. Ne1
{[%clk 0:21:59]} a5 {[%clk 0:12:26]} 28. a3 {[%clk 0:21:45]} axb4
{[%clk 0:11:38]} 29. axb4 {[%clk 0:21:51]} Ra1+ {[%clk 0:10:35]} 30. Kd2
{[%clk 0:21:43]} Qb6 {[%clk 0:10:13]} 31. Kc3 {[%clk 0:21:14]} Ra3+
{[%clk 0:10:01]} 32. Kc2 {[%clk 0:20:51]} Bf5+ {[%clk 0:10:09]} 33. Kd2
{[%clk 0:20:55]} Qxb4+ {[%clk 0:10:13]} 0-1

[Event "MCR druzstev mladsich zaku 2019"]
[Site "Trest"]
[Date "2019.06.15"]
[Round "4.9"]
[White "Mrkvan, Frantisek"]
[Black "Levitner, Matej"]
[Result "0-1"]
[BlackElo "1575"]
[WhiteElo "1384"]
[LiveChessVersion "1.4.8"]

1. e4 {[%clk 0:25:19]} c5 {[%clk 0:25:18]} 2. Nf3 {[%clk 0:25:27]} e6
{[%clk 0:25:27]} 3. d4 {[%clk 0:25:29]} cxd4 {[%clk 0:25:35]} 4. Nxd4
{[%clk 0:25:37]} Qc7 {[%clk 0:25:43]} 5. Nc3 {[%clk 0:25:37]} Nf6
{[%clk 0:25:49]} 6. Be2 {[%clk 0:24:50]} Bb4 {[%clk 0:25:11]} 7. Ndb5
{[%clk 0:21:30]} Qe5 {[%clk 0:23:23]} 8. f3 {[%clk 0:19:20]} a6 {[%clk 0:22:22]}
9. Nd4 {[%clk 0:17:25]} Qc5 {[%clk 0:18:33]} 10. Qd3 {[%clk 0:15:10]} O-O
{[%clk 0:16:28]} 11. a3 {[%clk 0:14:24]} Bxc3+ {[%clk 0:16:26]} 12. bxc3
{[%clk 0:14:17]} d6 {[%clk 0:15:44]} 13. Be3 {[%clk 0:13:12]} Qc7
{[%clk 0:15:38]} 14. O-O {[%clk 0:12:06]} Nbd7 {[%clk 0:15:21]} 15. Rfd1
{[%clk 0:11:10]} Ne5 {[%clk 0:15:05]} 16. Qd2 {[%clk 0:10:51]} b5
{[%clk 0:13:50]} 17. a4 {[%clk 0:09:52]} Nc4 {[%clk 0:09:57]} 18. Qc1
{[%clk 0:08:23]} Bd7 {[%clk 0:08:07]} 19. axb5 {[%clk 0:07:13]} axb5
{[%clk 0:06:51]} 20. Rb1 {[%clk 0:06:54]} Rfb8 {[%clk 0:05:31]} 21. Bxc4
{[%clk 0:05:01]} bxc4 {[%clk 0:05:34]} 22. Qd2 {[%clk 0:04:34]} d5
{[%clk 0:04:38]} 23. e5 {[%clk 0:03:55]} Rxb1 {[%clk 0:03:51]} 24. Rxb1
{[%clk 0:03:49]} Qxe5 {[%clk 0:03:58]} 25. Bf4 {[%clk 0:03:50]} Qh5
{[%clk 0:04:02]} 26. Rb7 {[%clk 0:02:54]} e5 {[%clk 0:02:20]} 27. Bg5
{[%clk 0:02:41]} Bc8 0-1

[Event "MCR druzstev mladsich zaku 2019"]
[Site "Trest"]
[Date "2019.06.15"]
[Round "4.10"]
[White "Zelbova, Lada"]
[Black "Bures, Karel"]
[Result "1-0"]
[BlackElo "1329"]
[WhiteElo "1469"]
[LiveChessVersion "1.4.8"]

1. d4 {[%clk 0:25:18]} d5 {[%clk 0:25:19]} 2. Bf4 {[%clk 0:25:26]} Nf6
{[%clk 0:25:27]} 3. e3 {[%clk 0:25:33]} Bf5 {[%clk 0:24:53]} 4. Bd3
{[%clk 0:25:16]} Bg6 {[%clk 0:24:22]} 5. Nf3 {[%clk 0:24:48]} Nbd7
{[%clk 0:24:18]} 6. c4 {[%clk 0:24:23]} e6 {[%clk 0:24:21]} 7. Nc3
{[%clk 0:23:50]} c6 {[%clk 0:23:10]} 8. Qe2 {[%clk 0:22:11]} Bxd3
{[%clk 0:17:33]} 9. Qxd3 {[%clk 0:22:16]} dxc4 {[%clk 0:17:40]} 10. Qxc4
{[%clk 0:22:00]} Nb6 {[%clk 0:17:37]} 11. Qb3 {[%clk 0:21:45]} Nfd5
{[%clk 0:14:23]} 12. Bg3 {[%clk 0:21:10]} Bd6 {[%clk 0:11:07]} 13. Bxd6
{[%clk 0:17:03]} Qxd6 {[%clk 0:11:07]} 14. e4 {[%clk 0:16:16]} Nxc3
{[%clk 0:09:59]} 15. bxc3 {[%clk 0:16:16]} O-O {[%clk 0:09:16]} 16. O-O
{[%clk 0:16:14]} c5 {[%clk 0:07:10]} 17. a4 {[%clk 0:13:36]} Rab8
{[%clk 0:04:24]} 18. Ra2 {[%clk 0:11:22]} Nd7 {[%clk 0:03:18]} 19. Rc1
{[%clk 0:10:29]} Rfc8 {[%clk 0:02:05]} 20. Rac2 {[%clk 0:08:48]} b6
{[%clk 0:01:19]} 21. Qb5 {[%clk 0:07:17]} Qc6 {[%clk 0:00:15]} 22. Qxc6
{[%clk 0:06:47]} Rxc6 {[%clk 0:00:24]} 23. Kf1 {[%clk 0:06:07]} Nf6
{[%clk 0:00:25]} 24. Ne5 {[%clk 0:05:09]} Rc7 {[%clk 0:00:19]} 25. f3
{[%clk 0:05:13]} Rbc8 {[%clk 0:00:23]} 26. Rd1 {[%clk 0:02:37]} h6
{[%clk 0:00:25]} 27. Rcd2 {[%clk 0:02:31]} Nd7 {[%clk 0:00:17]} 28. Nxd7
{[%clk 0:02:16]} Rxd7 {[%clk 0:00:26]} 29. d5 {[%clk 0:02:25]} exd5 30. Rxd5
{[%clk 0:02:29]} Rxd5 {[%clk 0:00:24]} 31. Rxd5 {[%clk 0:02:37]} Kf8
{[%clk 0:00:24]} 32. Rd7 {[%clk 0:02:42]} Ra8 {[%clk 0:00:24]} 33. Ke2
{[%clk 0:02:39]} Ke8 {[%clk 0:00:29]} 34. Rb7 {[%clk 0:02:41]} g5
{[%clk 0:00:14]} 35. g3 {[%clk 0:02:21]} Kf8 {[%clk 0:00:13]} 36. f4
{[%clk 0:02:11]} gxf4 {[%clk 0:00:15]} 37. gxf4 {[%clk 0:02:19]} Kg7
{[%clk 0:00:21]} 38. Kf3 {[%clk 0:02:06]} Kf6 {[%clk 0:00:21]} 39. Rc7
{[%clk 0:01:40]} Kg7 {[%clk 0:00:12]} 40. Kg4 {[%clk 0:01:35]} a5
{[%clk 0:00:11]} 41. Rc6 {[%clk 0:01:22]} Rb8 {[%clk 0:00:14]} 42. Kh5
{[%clk 0:01:22]} f6 {[%clk 0:00:11]} 43. c4 {[%clk 0:01:31]} f5 {[%clk 0:00:11]}
44. e5 {[%clk 0:01:18]} Kf7 {[%clk 0:00:11]} 45. Rxh6 {[%clk 0:01:19]} Kg7
{[%clk 0:00:19]} 46. Rd6 {[%clk 0:01:22]} Rh8+ {[%clk 0:00:28]} 47. Kg5
{[%clk 0:01:27]} Rxh2 {[%clk 0:00:12]} 48. Rd7+ {[%clk 0:01:33]} Kg8
{[%clk 0:00:16]} 49. Kxf5 {[%clk 0:01:41]} Rg2 {[%clk 0:00:15]} 50. Kf6
{[%clk 0:01:23]} Rh2 {[%clk 0:00:14]} 51. f5 {[%clk 0:01:16]} Rh6+
{[%clk 0:00:14]} 52. Kg5 {[%clk 0:01:24]} Rh1 {[%clk 0:00:17]} 53. e6
{[%clk 0:01:26]} Kf8 {[%clk 0:00:13]} 54. Kf6 {[%clk 0:01:09]} Rh6+
{[%clk 0:00:21]} 55. Ke5 {[%clk 0:01:13]} Rh1 {[%clk 0:00:12]} 56. f6
{[%clk 0:00:56]} Re1+ {[%clk 0:00:16]} 57. Kd5 {[%clk 0:00:59]} Rd1+
{[%clk 0:00:21]} 58. Kc6 {[%clk 0:01:02]} Rf1 {[%clk 0:00:24]} 59. Rd8# 1-0

[Event "MCR druzstev mladsich zaku 2019"]
[Site "Trest"]
[Date "2019.06.15"]
[Round "4.11"]
[White "Dudkova, Josefina"]
[Black "Schmutzer, Jakub"]
[Result "1-0"]
[BlackElo "1348"]
[WhiteElo "1421"]
[LiveChessVersion "1.4.8"]

1. e4 {[%clk 0:25:17]} c5 {[%clk 0:25:19]} 2. Nf3 {[%clk 0:25:19]} e6
{[%clk 0:25:25]} 3. Nc3 {[%clk 0:25:16]} a6 {[%clk 0:25:30]} 4. d4
{[%clk 0:25:02]} cxd4 {[%clk 0:25:31]} 5. Nxd4 {[%clk 0:25:07]} Qc7
{[%clk 0:25:40]} 6. Bd3 {[%clk 0:24:56]} Nf6 {[%clk 0:25:46]} 7. a3
{[%clk 0:24:38]} d6 {[%clk 0:25:32]} 8. Be3 {[%clk 0:24:32]} b5 {[%clk 0:25:25]}
9. O-O {[%clk 0:24:13]} Be7 {[%clk 0:25:20]} 10. f3 {[%clk 0:22:53]} Nbd7
{[%clk 0:24:57]} 11. Qe1 {[%clk 0:21:54]} Bb7 {[%clk 0:24:32]} 12. Qg3
{[%clk 0:20:39]} Rg8 {[%clk 0:19:54]} 13. Rad1 {[%clk 0:18:53]} Nh5
{[%clk 0:17:55]} 14. Qh3 {[%clk 0:17:58]} Nhf6 {[%clk 0:15:04]} 15. f4
{[%clk 0:16:35]} e5 {[%clk 0:09:18]} 16. fxe5 {[%clk 0:14:43]} Nxe5
{[%clk 0:09:23]} 17. Bg5 {[%clk 0:12:02]} Qc5 {[%clk 0:08:16]} 18. Be3
{[%clk 0:09:15]} Nfg4 {[%clk 0:07:38]} 19. Nf5 {[%clk 0:04:52]} Nxe3
{[%clk 0:06:42]} 20. Qxe3 {[%clk 0:04:44]} Qxe3+ {[%clk 0:05:38]} 21. Nxe3
{[%clk 0:04:49]} Nc6 {[%clk 0:03:47]} 22. Ncd5 {[%clk 0:04:32]} Rc8
{[%clk 0:03:04]} 23. c4 {[%clk 0:04:02]} bxc4 {[%clk 0:02:27]} 24. Bxc4
{[%clk 0:04:10]} Ne5 {[%clk 0:02:11]} 25. b3 {[%clk 0:03:14]} Bg5
{[%clk 0:01:47]} 26. Rd4 {[%clk 0:02:24]} Nxc4 {[%clk 0:00:25]} 27. bxc4
{[%clk 0:02:04]} Bxe3+ {[%clk 0:00:25]} 28. Nxe3 {[%clk 0:02:12]} Ke7
{[%clk 0:00:15]} 29. Nf5+ {[%clk 0:02:11]} Kd7 {[%clk 0:00:25]} 30. Nxd6
{[%clk 0:02:07]} Kc7 {[%clk 0:00:14]} 31. Nxc8 {[%clk 0:02:13]} Kxc8
{[%clk 0:00:23]} 32. Rxf7 {[%clk 0:02:16]} h6 {[%clk 0:00:19]} 33. e5
{[%clk 0:02:08]} Re8 {[%clk 0:00:18]} 34. Rdd7 {[%clk 0:01:52]} Bxg2
{[%clk 0:00:12]} 35. Kxg2 {[%clk 0:01:51]} Rxe5 {[%clk 0:00:20]} 36. Rde7
{[%clk 0:01:48]} Rg5+ 37. Kh3 {[%clk 0:01:46]} Kd8 {[%clk 0:02:32]} 38. Rxg7
{[%clk 0:01:43]} Rc5 {[%clk 0:02:33]} 39. Ra7 {[%clk 0:01:42]} Rh5+
{[%clk 0:02:00]} 40. Kg4 {[%clk 0:01:39]} Rg5+ {[%clk 0:02:08]} 41. Rxg5
{[%clk 0:01:48]} hxg5 {[%clk 0:02:17]} 42. Kxg5 {[%clk 0:01:56]} Kc8
{[%clk 0:02:26]} 43. Kf6 {[%clk 0:02:04]} Kb8 {[%clk 0:02:33]} 44. Rh7
{[%clk 0:02:12]} Kc8 {[%clk 0:02:41]} 45. Ke6 {[%clk 0:02:21]} Kd8
{[%clk 0:02:49]} 46. Rg7 {[%clk 0:02:29]} Kc8 {[%clk 0:02:53]} 47. Kd6
{[%clk 0:02:38]} Kb8 {[%clk 0:03:02]} 48. Kc6 {[%clk 0:02:47]} Ka8
{[%clk 0:03:11]} 49. Kb6 {[%clk 0:02:56]} a5 {[%clk 0:03:18]} 50. a4
{[%clk 0:02:59]} Kb8 {[%clk 0:03:24]} 51. Rg8# 1-0

[Event "MCR druzstev mladsich zaku 2019"]
[Site "Trest"]
[Date "2019.06.15"]
[Round "4.12"]
[White "Zelba, Josef"]
[Black "Mikulka, Martin Michael"]
[Result "0-1"]
[BlackElo "1106"]
[WhiteElo "1165"]
[LiveChessVersion "1.4.8"]

1. d4 {[%clk 0:25:18]} d5 {[%clk 0:25:18]} 2. c4 {[%clk 0:25:26]} e5
{[%clk 0:25:17]} 3. e3 {[%clk 0:25:32]} exd4 {[%clk 0:25:22]} 4. Qxd4
{[%clk 0:25:31]} Nf6 {[%clk 0:25:28]} 5. Nf3 {[%clk 0:25:37]} Nc6
{[%clk 0:25:35]} 6. Qd1 {[%clk 0:25:39]} dxc4 {[%clk 0:25:40]} 7. Qxd8+
{[%clk 0:25:45]} Nxd8 {[%clk 0:25:47]} 8. Bxc4 {[%clk 0:25:52]} Bc5
{[%clk 0:25:54]} 9. Nc3 {[%clk 0:25:59]} Nc6 {[%clk 0:26:00]} 10. O-O
{[%clk 0:26:05]} O-O {[%clk 0:25:58]} 11. Re1 {[%clk 0:26:00]} Be6
{[%clk 0:25:50]} 12. Bd3 {[%clk 0:25:59]} Rad8 {[%clk 0:25:53]} 13. Bc2
{[%clk 0:25:52]} g6 {[%clk 0:25:30]} 14. h3 {[%clk 0:25:57]} Nb4 {[%clk 0:25:29]}
15. Bb3 {[%clk 0:25:48]} Bxb3 {[%clk 0:25:31]} 16. axb3 {[%clk 0:25:55]} Nc2
{[%clk 0:25:38]} 17. Ra5 {[%clk 0:25:35]} Nxe1 {[%clk 0:25:41]} 18. Rxc5
{[%clk 0:25:31]} Nxf3+ {[%clk 0:25:47]} 19. gxf3 {[%clk 0:25:38]} b6
{[%clk 0:25:47]} 20. Rc6 {[%clk 0:25:38]} Nd5 {[%clk 0:25:43]} 21. Nxd5
{[%clk 0:25:21]} Rxd5 {[%clk 0:25:49]} 22. Rxc7 {[%clk 0:25:18]} f5
{[%clk 0:25:31]} 23. e4 {[%clk 0:25:17]} fxe4 {[%clk 0:25:35]} 24. Bh6
{[%clk 0:24:58]} Rxf3 {[%clk 0:25:21]} 25. Rxa7 {[%clk 0:24:14]} Rxb3
{[%clk 0:25:01]} 26. Bg5 {[%clk 0:23:37]} Rxg5+ {[%clk 0:25:01]} 27. Kf1
{[%clk 0:23:43]} Rxb2 {[%clk 0:25:07]} 28. Ra8+ {[%clk 0:23:42]} Kg7
{[%clk 0:25:14]} 29. Ra3 {[%clk 0:23:29]} Rb1+ {[%clk 0:25:18]} 30. Ke2
{[%clk 0:23:34]} Ra5 {[%clk 0:25:04]} 31. Rc3 {[%clk 0:23:21]} Ra2+
{[%clk 0:25:10]} 32. Ke3 {[%clk 0:23:24]} Re1+ {[%clk 0:25:11]} 33. Kd4
{[%clk 0:23:26]} b5 {[%clk 0:25:07]} 34. Ke5 {[%clk 0:23:23]} b4 {[%clk 0:25:03]}
35. Rc7+ {[%clk 0:23:29]} Kh6 {[%clk 0:25:07]} 36. Kf4 {[%clk 0:23:25]} b3
{[%clk 0:25:07]} 37. Rb7 {[%clk 0:23:17]} b2 {[%clk 0:25:13]} 38. Ke5
{[%clk 0:23:16]} b1=Q {[%clk 0:25:14]} 39. Kf6 {[%clk 0:23:20]} Qxb7
{[%clk 0:25:12]} 40. Ke5 {[%clk 0:23:28]} Qe7+ {[%clk 0:25:16]} 41. Kd4
{[%clk 0:23:36]} Qd6+ {[%clk 0:25:20]} 42. Kc4 {[%clk 0:23:43]} Ra4+
{[%clk 0:25:25]} 43. Kb3 {[%clk 0:23:49]} Qa3+ {[%clk 0:25:31]} 44. Kc2
{[%clk 0:23:53]} Re2+ {[%clk 0:25:38]} 45. Kd1 {[%clk 0:23:40]} Qb2
{[%clk 0:25:43]} 46. h4 {[%clk 0:23:42]} Qd2# 0-1

[Event "MCR druzstev mladsich zaku 2019"]
[Site "Trest"]
[Date "2019.06.15"]
[Round "4.13"]
[White "Brozka, Karel"]
[Black "Matusik, Ondrej"]
[Result "1-0"]
[BlackElo "1440"]
[WhiteElo "2142"]
[LiveChessVersion "1.4.8"]

1. d4 {[%clk 0:25:16]} Nf6 {[%clk 0:25:18]} 2. Nf3 {[%clk 0:25:23]} e6
{[%clk 0:25:26]} 3. Bf4 {[%clk 0:25:25]} b6 {[%clk 0:25:26]} 4. e3
{[%clk 0:25:22]} Bb7 {[%clk 0:25:32]} 5. Bd3 {[%clk 0:25:16]} Be7
{[%clk 0:25:21]} 6. c3 {[%clk 0:25:07]} d6 {[%clk 0:25:07]} 7. Qc2
{[%clk 0:22:54]} Nbd7 {[%clk 0:24:32]} 8. Nbd2 {[%clk 0:22:31]} O-O
{[%clk 0:24:14]} 9. O-O-O {[%clk 0:21:30]} c5 {[%clk 0:23:07]} 10. Rhg1
{[%clk 0:20:05]} d5 {[%clk 0:22:26]} 11. g4 {[%clk 0:17:46]} c4 {[%clk 0:21:24]}
12. Be2 {[%clk 0:17:29]} b5 {[%clk 0:19:59]} 13. g5 {[%clk 0:16:38]} Nh5
{[%clk 0:19:38]} 14. Be5 {[%clk 0:14:28]} Nxe5 {[%clk 0:18:56]} 15. Nxe5
{[%clk 0:14:16]} g6 {[%clk 0:18:40]} 16. Bxh5 {[%clk 0:13:50]} gxh5
{[%clk 0:18:46]} 17. g6 {[%clk 0:13:17]} f5 {[%clk 0:18:13]} 18. gxh7+
{[%clk 0:10:20]} Kxh7 {[%clk 0:18:08]} 19. Rg6 {[%clk 0:09:58]} Rf6
{[%clk 0:17:25]} 20. Rdg1 {[%clk 0:09:57]} Rxg6 {[%clk 0:17:18]} 21. Rxg6
{[%clk 0:10:02]} Bf6 {[%clk 0:16:22]} 22. Qd1 {[%clk 0:10:01]} Bg7
{[%clk 0:15:48]} 23. Qxh5+ {[%clk 0:09:54]} Kg8 {[%clk 0:15:56]} 24. Rxg7+
{[%clk 0:09:44]} Kxg7 {[%clk 0:15:58]} 25. Qf7+ {[%clk 0:09:54]} Kh8
{[%clk 0:16:01]} 26. Ng6# {[%clk 0:10:02]} 1-0

[Event "MCR druzstev mladsich zaku 2019"]
[Site "Trest"]
[Date "2019.06.15"]
[Round "4.14"]
[White "Sigut, Ondrej"]
[Black "Bouska, Jiri"]
[Result "0-1"]
[BlackElo "1620"]
[WhiteElo "1324"]
[LiveChessVersion "1.4.8"]

1. e4 {[%clk 0:25:08]} c5 {[%clk 0:25:18]} 2. Nf3 {[%clk 0:25:26]} Nc6
{[%clk 0:25:24]} 3. d4 {[%clk 0:25:33]} cxd4 {[%clk 0:25:32]} 4. Nxd4
{[%clk 0:25:38]} d6 {[%clk 0:25:41]} 5. Nc3 {[%clk 0:25:39]} e6 {[%clk 0:25:47]}
6. Bb5 {[%clk 0:25:04]} Bd7 {[%clk 0:25:54]} 7. O-O {[%clk 0:25:06]} Nf6
{[%clk 0:25:57]} 8. Bg5 {[%clk 0:25:10]} Be7 {[%clk 0:26:05]} 9. Re1
{[%clk 0:25:11]} O-O {[%clk 0:26:02]} 10. Nxc6 {[%clk 0:22:21]} bxc6
{[%clk 0:26:09]} 11. Ba4 {[%clk 0:22:18]} d5 {[%clk 0:25:50]} 12. exd5
{[%clk 0:22:04]} cxd5 {[%clk 0:25:53]} 13. Bb3 {[%clk 0:21:17]} a5
{[%clk 0:25:25]} 14. a4 {[%clk 0:20:28]} h6 {[%clk 0:24:40]} 15. Bh4
{[%clk 0:20:27]} Rc8 {[%clk 0:24:26]} 16. Qd3 {[%clk 0:19:27]} Bc6
{[%clk 0:23:48]} 17. Rad1 {[%clk 0:18:52]} Qb6 {[%clk 0:23:16]} 18. Bg3
{[%clk 0:14:50]} Bc5 {[%clk 0:22:58]} 19. Ne2 {[%clk 0:14:07]} Ne4
{[%clk 0:22:41]} 20. Rf1 {[%clk 0:13:40]} Bb7 {[%clk 0:22:25]} 21. Qb5
{[%clk 0:10:05]} Ba6 {[%clk 0:22:06]} 22. Qxb6 {[%clk 0:09:43]} Bxb6
{[%clk 0:22:13]} 23. Rfe1 {[%clk 0:09:26]} f5 {[%clk 0:21:16]} 24. Be5
{[%clk 0:06:15]} Nxf2 {[%clk 0:21:11]} 25. Bd4 {[%clk 0:05:33]} Nxd1
{[%clk 0:21:10]} 26. Bxb6 {[%clk 0:05:34]} Nxb2 {[%clk 0:21:06]} 27. Bxa5
{[%clk 0:05:17]} Nc4 {[%clk 0:20:46]} 28. Bb4 {[%clk 0:05:02]} Rf6
{[%clk 0:20:43]} 29. Nf4 {[%clk 0:04:52]} g5 {[%clk 0:20:23]} 30. Ne2
{[%clk 0:04:28]} Nb6 {[%clk 0:20:03]} 31. Nd4 {[%clk 0:03:54]} Bc4
{[%clk 0:19:52]} 32. Ba5 {[%clk 0:03:13]} Bxb3 {[%clk 0:19:50]} 33. cxb3
{[%clk 0:03:21]} Nd7 {[%clk 0:19:56]} 34. b4 {[%clk 0:02:48]} e5 {[%clk 0:19:59]}
35. Nb5 {[%clk 0:02:32]} d4 {[%clk 0:20:00]} 36. Nc7 {[%clk 0:02:26]} d3
{[%clk 0:19:56]} 37. Nd5 {[%clk 0:02:20]} d2 {[%clk 0:19:51]} 38. Rd1
{[%clk 0:01:57]} Rc1 {[%clk 0:19:54]} 0-1

[Event "MCR druzstev mladsich zaku 2019"]
[Site "Trest"]
[Date "2019.06.15"]
[Round "4.15"]
[White "Janouskova, Adela"]
[Black "Osina, Jaromir"]
[Result "0-1"]
[BlackElo "1319"]
[WhiteElo "1457"]
[LiveChessVersion "1.4.8"]

1. e4 {[%clk 0:25:18]} c6 {[%clk 0:25:20]} 2. d4 {[%clk 0:25:23]} d5
{[%clk 0:25:29]} 3. exd5 {[%clk 0:25:27]} cxd5 {[%clk 0:25:38]} 4. Nc3
{[%clk 0:25:31]} Nf6 {[%clk 0:25:44]} 5. Nf3 {[%clk 0:25:37]} Bg4
{[%clk 0:25:51]} 6. Be2 {[%clk 0:25:36]} Nc6 {[%clk 0:25:54]} 7. O-O
{[%clk 0:25:21]} h6 {[%clk 0:25:59]} 8. h3 {[%clk 0:25:21]} Bh5 {[%clk 0:26:08]}
9. Bf4 {[%clk 0:24:27]} e6 {[%clk 0:25:58]} 10. Qd2 {[%clk 0:23:28]} Bb4
{[%clk 0:25:52]} 11. a3 {[%clk 0:23:25]} Ba5 {[%clk 0:26:00]} 12. Qd3
{[%clk 0:22:57]} O-O {[%clk 0:25:31]} 13. Rad1 {[%clk 0:22:16]} Bg6
{[%clk 0:24:30]} 14. Qe3 {[%clk 0:21:29]} Bxc2 {[%clk 0:23:54]} 15. Rc1
{[%clk 0:21:36]} Bg6 {[%clk 0:24:02]} 16. Bd3 {[%clk 0:21:01]} Bxd3
{[%clk 0:23:47]} 17. Qxd3 {[%clk 0:21:08]} Bc7 {[%clk 0:23:55]} 18. Bxc7
{[%clk 0:20:56]} Qxc7 {[%clk 0:24:03]} 19. Rfe1 {[%clk 0:20:28]} a6
{[%clk 0:24:01]} 20. Ne5 {[%clk 0:19:51]} Qd6 {[%clk 0:23:20]} 21. Nxc6
{[%clk 0:17:18]} bxc6 {[%clk 0:22:54]} 22. Na4 {[%clk 0:14:41]} Nd7
{[%clk 0:21:00]} 23. Nc5 {[%clk 0:14:24]} Nxc5 {[%clk 0:21:03]} 24. Rxc5
{[%clk 0:14:04]} Rfc8 {[%clk 0:20:40]} 25. Rec1 {[%clk 0:13:54]} Rc7
{[%clk 0:20:12]} 26. Qc2 {[%clk 0:13:19]} Rac8 {[%clk 0:19:22]} 27. Qa4
{[%clk 0:13:15]} Qf4 {[%clk 0:18:57]} 28. Qxa6 {[%clk 0:10:31]} Qxd4
{[%clk 0:18:56]} 29. b4 {[%clk 0:09:07]} Qb2 {[%clk 0:18:41]} 30. b5
{[%clk 0:07:23]} Rb8 {[%clk 0:18:26]} 31. bxc6 {[%clk 0:05:25]} d4
{[%clk 0:17:54]} 32. Qd3 {[%clk 0:05:15]} Rb3 {[%clk 0:15:55]} 33. Qd1
{[%clk 0:04:29]} d3 {[%clk 0:15:44]} 34. Qg4 {[%clk 0:00:18]} d2 {[%clk 0:15:08]}
0-1

[Event "MCR druzstev mladsich zaku 2019"]
[Site "Trest"]
[Date "2019.06.15"]
[Round "4.16"]
[White "Ticha, Sofie"]
[Black "Stary, Vojtech"]
[Result "1-0"]
[BlackElo "1330"]
[WhiteElo "1394"]
[LiveChessVersion "1.4.8"]

1. e4 {[%clk 0:25:19]} e5 {[%clk 0:25:19]} 2. Nf3 {[%clk 0:25:27]} Nc6
{[%clk 0:25:28]} 3. d4 {[%clk 0:25:36]} exd4 {[%clk 0:25:36]} 4. Bc4
{[%clk 0:25:45]} Bc5 {[%clk 0:25:42]} 5. c3 {[%clk 0:25:45]} Nf6 {[%clk 0:25:50]}
6. cxd4 {[%clk 0:25:25]} Bb4+ {[%clk 0:25:58]} 7. Bd2 {[%clk 0:25:13]} Nxe4
{[%clk 0:26:07]} 8. Qe2 {[%clk 0:25:20]} d5 {[%clk 0:25:55]} 9. Bd3
{[%clk 0:25:09]} Bf5 {[%clk 0:25:19]} 10. O-O {[%clk 0:24:16]} O-O
{[%clk 0:24:21]} 11. Nc3 {[%clk 0:23:51]} Bxc3 {[%clk 0:23:47]} 12. Bxc3
{[%clk 0:23:22]} Re8 {[%clk 0:23:09]} 13. Qc2 {[%clk 0:23:08]} Bg6
{[%clk 0:19:29]} 14. Rfe1 {[%clk 0:22:15]} Qd7 {[%clk 0:18:27]} 15. Qd1
{[%clk 0:20:50]} Nxc3 {[%clk 0:18:18]} 16. bxc3 {[%clk 0:20:55]} Rxe1+
{[%clk 0:18:21]} 17. Nxe1 {[%clk 0:20:59]} Bxd3 {[%clk 0:17:51]} 18. Qxd3
{[%clk 0:21:05]} a6 {[%clk 0:17:16]} 19. Rb1 {[%clk 0:21:09]} b5 {[%clk 0:16:35]}
20. Nf3 {[%clk 0:20:23]} h6 {[%clk 0:16:15]} 21. h3 {[%clk 0:20:30]} Re8
{[%clk 0:16:12]} 22. Qd2 {[%clk 0:19:37]} Re6 {[%clk 0:15:33]} 23. Qb2
{[%clk 0:19:29]} Qe7 {[%clk 0:15:14]} 24. Qb3 {[%clk 0:19:18]} Qd6
{[%clk 0:14:36]} 25. a4 {[%clk 0:18:40]} Na5 {[%clk 0:13:43]} 26. Qc2
{[%clk 0:18:23]} bxa4 {[%clk 0:12:44]} 27. Qxa4 {[%clk 0:18:30]} Nc4
{[%clk 0:12:45]} 28. Qc2 {[%clk 0:18:18]} Qe7 {[%clk 0:12:10]} 29. Rb8+
{[%clk 0:18:24]} Qe8 {[%clk 0:11:02]} 30. Rxe8+ {[%clk 0:18:32]} Rxe8
{[%clk 0:11:10]} 31. Qa4 {[%clk 0:18:31]} Re6 {[%clk 0:10:40]} 32. Qd7
{[%clk 0:18:14]} c6 {[%clk 0:10:17]} 33. Qb7 {[%clk 0:17:32]} a5 {[%clk 0:10:15]}
34. Qb1 {[%clk 0:17:02]} Rf6 {[%clk 0:09:33]} 35. Ne5 {[%clk 0:16:29]} Nd2
{[%clk 0:08:47]} 36. Qd1 {[%clk 0:15:52]} Ne4 {[%clk 0:08:53]} 37. Ng4
{[%clk 0:15:26]} Re6 {[%clk 0:08:41]} 38. Qa1 {[%clk 0:15:16]} h5
{[%clk 0:07:55]} 39. Ne5 {[%clk 0:15:12]} f6 {[%clk 0:06:29]} 40. Nf3
{[%clk 0:14:39]} f5 {[%clk 0:05:43]} 41. Qxa5 {[%clk 0:14:43]} g6
{[%clk 0:04:31]} 42. Qd8+ {[%clk 0:14:49]} Kf7 {[%clk 0:04:31]} 43. Ne5+
{[%clk 0:14:17]} Kg7 {[%clk 0:04:16]} 44. Qd7+ {[%clk 0:13:57]} Kf6
{[%clk 0:03:40]} 45. Nxc6 Rd6 {[%clk 0:03:21]} 46. Qe7# {[%clk 0:13:48]} 1-0